书目信息 |
| 题名: |
让学生明晓事理的故事
|
|
| 作者: | 冯志远 主编 | |
| 分册: | ||
| 出版信息: | 沈阳 辽海出版社 2011.01 |
|
| 页数: | 198页 | |
| 开本: | 24cm | |
| 丛书名: | ||
| 单 册: | ||
| 中图分类: | H194.4 , I14 | |
| 科图分类: | 41.27 | |
| 主题词: | 故事--作品集--选集 , 小说--作品集--世界 | |
| 电子资源: | ||
| ISBN: | 978-7-80638-790-0 | |
| 000 | 00730nam0 2200253 45 | |
| 001 | CAL 0120100040840m | |
| 005 | 20111229102956.79 | |
| 010 | @a978-7-80638-790-0@dCNY25.00 | |
| 100 | @a19990811d2011 cemy0chiy0121 ea | |
| 101 | 0 | @achi |
| 102 | @aCN@b210000 | |
| 105 | @ay z 000yy | |
| 200 | 1 | @a让学生明晓事理的故事@Arang xue sheng ming xiao shi li de gu shi@f冯志远主编@Ffeng zhi yuan zhu bian |
| 205 | @a第2版 | |
| 210 | @a沈阳@c辽海出版社@d2011.01 | |
| 215 | @a198页@d24cm | |
| 606 | @a故事@x作品集@x选集 | |
| 606 | 0 | @a小说@x作品集@x世界 |
| 690 | @aH194.4@v3 | |
| 690 | @aI14@v4 | |
| 692 | @a41.27@v2 | |
| 701 | 0 | @a冯志远@Afeng zhi yuan@4主编 |
| 801 | 0 | @aCN@bNLC@c20111229 |
| 905 | @aZUCC@dI14@eF54097=2@f3 | |
| 让学生明晓事理的故事/冯志远主编.-第2版.-沈阳:辽海出版社,2011.01 |
| 198页;24cm |
| ISBN 978-7-80638-790-0:CNY25.00 |
| ● |
| 相关链接 |
|
|
|
正题名:让学生明晓事理的故事
索取号:I14/F54097=2
 
预约/预借
| 序号 | 登录号 | 条形码 | 馆藏地/架位号 | 状态 | 备注 |
| 1 | 1186036 | 211860360 | 文学库108/108文学库 3排1列2层/ [索取号:I14/F54097=2] | 在馆 | |
| 2 | 1186037 | 211860379 | 文学库108/400B社科库 22排2列3层/ [索取号:I14/F54097=2] | 在馆 | |
| 3 | 1186038 | 211860388 | 文学库108/108文学库 3排1列2层/ [索取号:I14/F54097=2] | 在馆 |